000 00692nam a22002177a 4500
020 _a9879120787
080 _a343.14 G 931
100 _aGuariglia, Fabricio
245 _aConcepto. fin y alcance de las prohibiciones de valoraciòn probatoria en el procedimiento Penal
_buna propuesta de fundamentaciòn
260 _aBuenos Aires
_bdel Puerto
_c2005
300 _a204 P.
_c22 X 15 Cm.
490 _atesis Doctoral
_v3
650 _xderecho procesal penal
650 _xproceso penal
650 _xpueba
650 _xdoctrina del fruto del àrbol venenoso
650 _xderecho penal internacional
650 _xvaloraciòn de la prueba
945 _acd
_d2015-05-06
999 _c3859
_d234363
942 _6_